000
nam a22 7a 4500
999
_c
54894
_d
54894
003
OSt
005
20220806120158.0
008
220806b xxu||||| |||| 00| 0 eng d
040
_c
IIMT UNIVERSITY
100
_a
MITTAL, P.K
245
_a
LENEAR ALGEBRA
260
_a
MEERUT
_b
S.J PUBLICATION
_c
2007
942
_2
ddc
_c
09